000
00277nam a2200121Ia 4500
008
140130s9999 xx 000 0 und d
245
_c
Garth Nix
_a
Mister Monday
260
_b
Scholastic,
_c
2003
440
_v
1
521
_a
Grade 4 - Grade 7
942
_c
BK
999
_c
41158
_d
41158